| 000 | 00338nam a2200121 a 4500 | ||
|---|---|---|---|
| 005 | 20141022142000.0 | ||
| 008 | 090305s19uu xx 00 eng d | ||
| 050 |
_aVHS _bO1 1985 |
||
| 245 |
_aBridge to Terabithia : _bJourney to a secret land of friendship and fantasy. |
||
| 650 | _aVHS. | ||
| 650 | _aBridge to Terabithia | ||
| 942 | _cAVM | ||
| 999 |
_c276212 _d276212 |
||